| 000 | 01018nam a22002897a 4500 | ||
|---|---|---|---|
| 999 |
_c21451 _d21451 |
||
| 003 | AR-CdUCM | ||
| 008 | 190220b ||||| |||| 00| 0 spa d | ||
| 020 | _a9789972514586 | ||
| 040 |
_aMUNICIPALIDAD PROVINCIAL DEL CUSCO _cBIBLIOTECA MUNICIPAL DEL CUSCO |
||
| 082 |
_a305.898/D45 _bD45 |
||
| 100 |
_aDegregori, Carlos Iván _947 |
||
| 245 |
_aEl aprendiz de brujo y el curandero chino : _betnicidad y modernidad en el Perú / _cCarlos Iván Degregori |
||
| 260 |
_aLima : _bInstituto de Estudios Peruanos, IEP, _c2014. |
||
| 300 |
_a334 páginas ; _c24 cm. |
||
| 440 |
_aSerie Ideología y Política, _n39. _944817 |
||
| 500 | _zBibliografía: p. [317]-334. | ||
| 650 |
_aIndígenas del Perú _95715 |
||
| 650 |
_aIndígenas del Perú _95715 |
||
| 650 |
_aIdentidad étnica _911670 |
||
| 650 |
_aAculturación _944818 |
||
| 650 |
_aEnsayos _944819 |
||
| 650 |
_aConferencias _9376 |
||
| 650 |
_aPerú _944820 |
||
| 710 |
_aInstituto de Estudios Peruanos (Lima) _99759 |
||
| 942 |
_2ddc _cLIBROS |
||
| 945 | _aRoel | ||